Las dos caras de la Edad Media en Carmina Burana

Guardat en:
Dades bibliogràfiques
Autor principal: Misseroni Dalla Serra, Albino (autor)
Format: Llibre
Idioma:espanyol
Publicat: Viña del Mar Pontificia Universidad Católica de Valparaíso. Instituto de Historia 2002
Matèries:
Etiquetes: Afegir etiqueta
Sense etiquetes, Sigues el primer a etiquetar aquest registre!

MARC

LEADER 00000nam a2200000 a 4500
001 UCG1042
003 CL-VaPUC
005 20240823124609.0
008 100415e20020000cl 1 spa d
999 |c 384505  |d 384503 
040 |c Pontificia Universidad Católica de Valparaíso 
082 0 4 |a 871  |b MIS  |2 21 
100 |a Misseroni Dalla Serra, Albino  |e autor  |9 890802 
245 1 4 |a Las dos caras de la Edad Media en Carmina Burana 
246 1 0 |a XX Semana de Estudios Romanos 
260 |a Viña del Mar  |b Pontificia Universidad Católica de Valparaíso. Instituto de Historia  |c 2002 
518 |p Semana de Estudios Romanos, 20, Viña del Mar, 22 al 25 octubre 2002 
536 |a Pontificia Universidad Católica de Valparaíso. Instituto de Historia 
546 |a En Español 
583 |a last modification  |c 20100415 00:00:00  |k Rodrigo Vera 
650 0 7 |a POESIA LATINA MEDIEVAL  |2 CL-VaPUC  |9 312472 
650 0 7 |a POESIA SIGLO 12 Y 13  |2 CL-VaPUC  |9 621544 
650 0 7 |a EDAD MEDIA SIGLOS 12 Y 13  |2 CL-VaPUC  |9 621545 
650 0 7 |a TRADICION PAGANA  |2 CL-VaPUC  |9 621546 
650 0 7 |a CANTOS PROFANOS  |2 CL-VaPUC  |9 621547 
650 0 7 |a TRADICION CRISTIANA  |2 CL-VaPUC  |9 585773 
942 |c BK  |2 ddc 
945 |a dcastane  |d 20100415 00:00:00